Senegal all time starting xi - Statistics

General Stats
  • This quiz has been taken 44 times
  • The average score is 5 of 11
Answer Stats
Hint Answer % Correct
FW(2012- Sadio Mané
100%
DF(2015- Kalidou Koulibaly
81%
MF(2011- Idrissa Gueye
62%
MF(2016- Ismaïla Sarr
54%
FW(2000-2009 El-hadji Diouf
43%
DF(2021- Abdou Diallo
38%
DF(2012-2024 Cheikhou Kouyaté
35%
MF(2001-2008 Papa Diop
24%
GK(1999-2008 Tony Sylva
11%
FW(1999-2008 Henri camara
8%
DF(1998-2012 Omar Daf
0%
No matching quizzes found
Score Distribution
Percent of People with Each Score
Percentile by Number Answered
Your Score History
You have not taken this quiz